01221 2200181 4500001002100000005001500021035002000036245006000056100002400116250001700140300003100157260003100188082001100219084001700230020002200247650003200269520073800301INLIS00000000000000420240318084156 a0010-03240000041 aHewan-Hewan Unik Dalam Al-Qur'an /cRirin Astutiningrum0 aRirin Astutiningrum acetakan ke-1 ax, 54 hlm :bilus ;c24 cm aSolo :bTiga Ananda,c2018 a2X1.61 a2X1.61 RIR h a978-602-366-383-5 4aReligi Islam, Nonfiksi Anak aSelain manusia dan berbagai ketampakan alam, Allah juga menciptakan hewan-hewan. Bahkan, beberapa hewan disebut langsung oleh Allah di dalam Al-Qur'an, lho. Ini dalam rangka menceritakan kisahnya atau menjadikannya sebagai permisalan agar menjadi pelajaran bagi manusia. Hewan-hewan yang disebutkan di dalam Al-Qur'an tersebut mempunyai berbagai keunikan dan keistimewaan tersendiri. Hewan-hewan tersebat menjadi bukti nyata kebesaran Sang Maha Pencipta. Hewan-hewan apa sajakah yang disebutkan di dalam Al-Qur'an? Keunikan apa saja yang mereka miliki? Nikmati ceritanya secara lengkap di dalam buku yang seru ini. Temukan juga kejutan menarik di setiap gambar hewan dan tombol yang tersedia. Dengarkan suaranya dan nikmati videonya!